00629nam a2200157 u 450000100100000000500170001000800410002704000250006808200100009310000420010324501310014526001130027630000180038950000210040750000430042800000264020200929150227.0090703s2002 dr a r 000 0 spa d aDO-SdBNPbspacBNPHU bR696e1 aRodríguez Román, Francisco José13aLa experiencia exitosa de gestión tributaria municipal del ayuntamiento de Santiago /cFrancisco José Rodríguez Román. aRepública Dominicana :bDirección General de Impuestos InternosbCooperación Técnica Alemana,c2002. bil. ;c22 cm. aIncluye índice aLecciones aprendidas y recomendaciones